Luis XV y Mme. de Pompadour (Record no. 187158)

MARC details
000 -LEADER
campo de control de longitud fija 00976nam a2200253 i 4500
001 - NÚMERO DE CONTROL
campo de control 187158
003 - IDENTIFICADOR DE NÚMERO DE CONTROL
campo de control SpMaBN
005 - FECHA Y HORA DE LA ÚLTIMA TRANSACCIÓN
campo de control 20250703061659.0
008 - DATOS DE LONGITUD FIJA--INFORMACIÓN GENERAL
campo de control de longitud fija 170426s1930 sp ac |||| |cspa d
080 ## - NÚMERO DE LA CLASIFICACIÓN DECIMAL UNIVERSAL
Número de la Clasificación Decimal Universal 929 Luis(44)XV
080 ## - NÚMERO DE LA CLASIFICACIÓN DECIMAL UNIVERSAL
Número de la Clasificación Decimal Universal 929 Pompadour, J.-A. Poisson, Marquise de
080 ## - NÚMERO DE LA CLASIFICACIÓN DECIMAL UNIVERSAL
Número de la Clasificación Decimal Universal 94(44)"1715/74"
100 1# - ENTRADA PRINCIPAL--NOMBRE DE PERSONA
Nombre de persona Nolhac, Pierre de.
9 (RLIN) 85911
245 10 - MENCIÓN DEL TÍTULO
Título Luis XV y Mme. de Pompadour
Resto del título : según documentos inéditos /
Mención de responsabilidad, etc. por Pedro de Nolhac ; traducción castellana de Ángel Ruiz y Pablo.
250 ## - MENCION DE EDICION
Mención de edición Ed. ilustrada.
260 ## - PUBLICACIÓN, DISTRIBUCIÓN, ETC.
Lugar de publicación, distribución, etc. Barcelona :
Nombre del editor, distribuidor, etc. Montaner y Simón,
Fecha de publicación, distribución, etc. 1930.
300 ## - DESCRIPCIÓN FÍSICA
Extensión 306 p. :
Otras características físicas il., retr. ;
Dimensiones 25 cm.
500 ## - NOTA GENERAL
Nota general Índice.
600 07 - PUNTO DE ACCESO ADICIONAL DE MATERIA--NOMBRE DE PERSONA
Nombre de persona Luis
Numeración XV,
Títulos y otros términos asociados al nombre Rey de Francia
Fuente del encabezamiento o término
9 (RLIN) 152777
600 14 - PUNTO DE ACCESO ADICIONAL DE MATERIA--NOMBRE DE PERSONA
Nombre de persona Pompadour, Jeanne Antoinette Poisson
Títulos y otros términos asociados al nombre Marquise de.
9 (RLIN) 140340
651 #4 - PUNTO DE ACCESO ADICIONAL DE MATERIA--NOMBRE GEOGRÁFICO
Nombre geográfico Francia-
Subdivisión general Historia-
Subdivisión cronológica 1715-1774, Luis XV.
9 (RLIN) 8683
852 ## - LOCALIZACIÓN
Ubicación ES-MaACL
Número de control de estantería L-31488
Nota libre . - Donat. herederos de la bibl. de Mª del Pilar Costa Palacín
Holdings
Estatus retirado Estado de pérdida Estado de daño No para préstamo Biblioteca de origen Biblioteca actual Ubicación en estantería Fecha de adquisición Fuente de adquisición Total de préstamos Signatura topográfica completa Código de barras Visto por última vez Precio de reemplazo Tipo de ítem Koha
        Biblioteca del Ateneo de Madrid Biblioteca del Ateneo de Madrid Depósito 2 26/04/2017     L-31488 1197460 23/02/2023 23/02/2023 Libro impreso